000 00355nam a22001697a 4500
003 UA-OsUOA
001 4596
007 ta
008 20050721b un ||||| |||| 00| 0 ukr d
100 _aBryson
700 _aBill
942 _cBK
040 _aUA-OsUOA
_cUA-OsUOA
_dUA-OsUOA
245 _aNeither Here nor There.
_bFiction
955 _a2
650 7 _2UDC
999 _c290758
_d290758